| 000 | 01796nab a2200289 a 4500 | ||
|---|---|---|---|
| 005 | 20250618121100.0 | ||
| 008 | 991125c2014 mx tr p o 000 0 spa d | ||
| 035 | _aUPN01000209649 | ||
| 040 |
_aMX-MxUPN _bspa _cMX-MxUPN _eaacr2 |
||
| 049 | _aART-E | ||
| 100 | 1 | _aFleitas González, Martín | |
| 100 | 1 | _uelkanteano@gmail.com | |
| 245 | 1 | 3 | _aLa reificación como un olvido del reconocimiento. Apuntes para una revisión de la idea de reificación de Axel Honneth |
| 506 | 0 | _aAcceso abierto | |
| 520 | 3 | _aEl presente trabajo se propone analizar los alcances y limitaciones de la reformulación que propuso Axel Honneth de la idea de reificación, durante sus Tanner Lectures del 2005. Para defender los aportes que puede abrigar una concepción de la reificación como olvido del reconocimiento, se reconstruye la propuesta de Honneth en contraposición al gran número de objeciones que ha recibido. El argumento central del trabajo se concentra en mostrar que las debilidades de la reificación de Honneth surgen como consecuencia de las debilidades de su “modelo receptivo” del reconocimiento. En virtud de ello, el trabajo propone sustituir el concepto honnethiano del reconoci miento por uno ontológicoanalítico, para luego esbozar el alcance de una reificación entendida como momentos graduados de amnesia. | |
| 653 | 0 | _aReificación | |
| 653 | 0 | _aOlvido | |
| 653 | 0 | _aReconocimiento | |
| 653 | 0 | _aAmnesia | |
| 653 | 0 | 1 | _aHonneth, Axel, 1949- |
| 773 |
_gVol. 11, no. 26 (2014), p. 253-275 _tAndamios : revista de investigación social _x2594-1917 |
||
| 856 | 4 | _uhttps://andamios.uacm.edu.mx/index.php/andamios/article/view/204 | |
| 856 | 4 | _uhttps://doi.org/10.29092/uacm.v11i26.204 | |
| 902 | _aGloria Jiménez/180625 | ||
| 905 | _aArticulo | ||
| 942 | _cART-E | ||
| 999 |
_c181750 _d181750 |
||